000 00362nam a2200133 a 4500
005 20140414131900.0
008 100916s19uu xx 00 eng d
050 _aFIC
_bT22 2007
100 _aTeitelbaum, Michael
245 _aThe lost scrolls :
_bearth.
260 _aNew York :
_bScholastic ,
_c2007.
440 _aAvatar: the last airbender
999 _c110626
_d110626